Digital Media and Society (Record no. 85737)

MARC details
000 -LEADER
fixed length control field 00745nam a2200241 4500
003 - CONTROL NUMBER IDENTIFIER
control field CBULib
005 - DATE AND TIME OF LATEST TRANSACTION
control field 20241029130711.0
008 - FIXED-LENGTH DATA ELEMENTS--GENERAL INFORMATION
fixed length control field 241029b |||||||| |||| 00| 0 eng d
040 ## - CATALOGING SOURCE
Language of cataloging English
Transcribing agency CBULib
Description conventions rda
050 ## - LIBRARY OF CONGRESS CALL NUMBER
Classification number HM 851 .L56 Lin
100 ## - MAIN ENTRY--PERSONAL NAME
9 (RLIN) 3844
Personal name Lindgren, Simon
245 ## - TITLE STATEMENT
Title Digital Media and Society
Statement of responsibility, etc / by Simon Lindren
260 ## - PUBLICATION, DISTRIBUTION, ETC. (IMPRINT)
Place of publication, distribution, etc London :
Name of publisher, distributor, etc SAGE
Date of publication, distribution, etc 2017,
300 ## - PHYSICAL DESCRIPTION
Extent 320 pages
336 ## - CONTENT TYPE
Source rdacontent
Content type term Text |
Content type code txt
337 ## - MEDIA TYPE
Source rdamedia
Media type term Unmediated |
Media type code n
338 ## - CARRIER TYPE
Source rdacarrier
Carrier type term Volume
Carrier type code nc
500 ## - GENERAL NOTE
General note Includes a bibliographical references and index
650 #0 - SUBJECT ADDED ENTRY--TOPICAL TERM
9 (RLIN) 3849
Topical term or geographic name as entry element COMMUNICATION AND SOCIETY
650 #0 - SUBJECT ADDED ENTRY--TOPICAL TERM
9 (RLIN) 3850
Topical term or geographic name as entry element TECHNOLOGY AND SOCIETY
650 #0 - SUBJECT ADDED ENTRY--TOPICAL TERM
9 (RLIN) 3851
Topical term or geographic name as entry element DIGITAL MEDIA SOCIAL ASPECTS
942 ## - ADDED ENTRY ELEMENTS (KOHA)
Source of classification or shelving scheme
Koha item type MONOGRAPH

No items available.